name the outerbanks character - Statistics

General Stats
  • This quiz has been taken 500 times
  • The average score is 11 of 12
Answer Stats
Picture Answer % Correct
jj maybank
99%
john booker routledge
99%
sarah cameron
99%
kiara carrera
98%
pope heyward
98%
rafe cameron
98%
cleo anderson
95%
topper thornton
95%
ward cameron
93%
john routledge
90%
barry
75%
deputy shoupe
72%
No matching quizzes found
Score Distribution
Percent of People with Each Score
Percentile by Number Answered
Your Score History
You have not taken this quiz